[Event "PAR-ch sf"]
[Site "Asuncion"]
[Date "2018.08.15"]
[Round "7"]
[White "Avalos Arguello, Jose Mathias"]
[Black "Salinas, Victor"]
[Result "1/2-1/2"]
[WhiteElo "1714"]
[BlackElo "1562"]
[PlyCount "82"]
[EventDate "2018.08.10"]
[EventType "swiss"]
[EventRounds "9"]
[EventCountry "PAR"]
[SourceTitle "CBM 186 Extra"]
[Source "ChessBase"]
[SourceDate "2018.08.24"]
[SourceVersion "1"]
[SourceVersionDate "2018.08.24"]
[SourceQuality "1"]

1. d4 Nf6 2. c4 c5 3. d5 e6 4. Nc3 exd5 5. cxd5 d6 6. e4 g6 7. f4 Bg7 8. Nf3 0-0 9. Be2 Nbd7 10. 0-0 a6 11. a4 Re8 12. Nd2 Qc7 13. Bf3 Rb8 14. Nc4 Nb6 15. Nxb6 Qxb6 16. a5 Qc7 17. Re1 Bd7 18. e5 dxe5 19. d6 Qc8 20. fxe5 Ng4 21. Nd5 Nxe5 22. Ne7+ Rxe7 23. dxe7 Nxf3+ 24. Qxf3 Bc6 25. Qf2 Qg4 26. Be3 Bd4 27. Bxd4 cxd4 28. Rad1 Qg5 29. Rxd4 Re8 30. h4 Qxa5 31. Qd2 Qc5 32. b4 Qb6 33. Kh1 Qc7 34. h5 Qg3 35. Re3 Bxg2+ 36. Kg1 Qg5 37. Re2 Qxd2 38. Rdxd2 Bc6 39. h6 f6 40. Re6 Kf7 41. Rdd6 Bd7 1/2-1/2

[Event "PAR-ch sf"]
[Site "Asuncion"]
[Date "2018.08.15"]
[Round "8"]
[White "Nunez, Pablo"]
[Black "Avalos Arguello, Jose Mathias"]
[Result "0-1"]
[WhiteElo "1442"]
[BlackElo "1714"]
[PlyCount "104"]
[EventDate "2018.08.10"]
[EventType "swiss"]
[EventRounds "9"]
[EventCountry "PAR"]
[SourceTitle "CBM 186 Extra"]
[Source "ChessBase"]
[SourceDate "2018.08.24"]
[SourceVersion "1"]
[SourceVersionDate "2018.08.24"]
[SourceQuality "1"]

1. e4 c5 2. Nc3 e6 3. d3 Nc6 4. g3 g6 5. Bg2 Bg7 6. Nge2 Nge7 7. Be3 d6 8. h4 h5 9. Qd2 Nd4 10. Nd1 Nxe2 11. Kxe2 Nc6 12. c3 b6 13. f3 d5 14. f4 dxe4 15. Bxe4 Bb7 16. Nf2 Qe7 17. Rhe1 0-0-0 18. Rac1 Kb8 19. Kf1 Ka8 20. Qc2 Rc8 21. b4 cxb4 22. cxb4 Qxb4 23. Rb1 Qd6 24. Qa4 Kb8 25. Red1 f5 26. Bg2 Ne7 27. Bxb7 Kxb7 28. d4 Nd5 29. Rb3 Qc6 30. Qxc6+ Rxc6 31. Nh3 Rc2 32. Ng5 Re8 33. Nf7 Re7 34. Ne5 Bxe5 35. fxe5 Rxa2 36. Rdb1 Nxe3+ 37. Rxe3 Rd2 38. Ra3 Rxd4 39. Rba1 a5 40. Rb1 Red7 41. Rbb3 Ka6 42. Ra2 Rd2 43. Raa3 Rc2 44. Rb1 b5 45. Rab3 b4 46. Ra1 Kb5 47. Re3 a4 48. Rb1 b3 49. Kg1 b2 50. Ree1 a3 51. Ra1 bxa1Q 52. Rxa1 a2 0-1

[Event "PAR-ch sf qual 6"]
[Site "Asuncion"]
[Date "2018.08.05"]
[Round "7.4"]
[White "Montiel, Angel Nathanael"]
[Black "Avalos Arguello, Jose Mathias"]
[Result "0-1"]
[WhiteElo "1369"]
[BlackElo "1714"]
[PlyCount "84"]
[EventDate "2018.08.03"]
[EventType "swiss"]
[EventRounds "7"]
[EventCountry "PAR"]
[SourceTitle "EXT 2023"]
[Source "ChessBase"]
[SourceDate "2022.10.05"]
[SourceVersion "1"]
[SourceVersionDate "2022.10.05"]
[SourceQuality "1"]

1. Nf3 Nf6 2. g3 e6 3. Bg2 d5 4. 0-0 Be7 5. d3 0-0 6. Nbd2 b6 7. Re1 Bb7 8. b3 Nbd7 9. Bb2 c5 10. e4 dxe4 11. Nxe4 Qc7 12. a4 Rad8 13. Nfd2 Nxe4 14. Nxe4 f5 15. Nd2 Bxg2 16. Kxg2 e5 17. Nc4 Bf6 18. Ne3 Qc6+ 19. Kg1 f4 20. Ng4 Rde8 21. Re4 h5 22. Nxf6+ Qxf6 23. Qe2 Qf5 24. Qf3 fxg3 25. Qxf5 gxh2+ 26. Kxh2 Rxf5 27. Kg2 Ref8 28. Rf1 Rg5+ 29. Kh3 Rf3+ 30. Kh2 Nf6 31. Re2 Rf4 32. Kh3 Rf3+ 33. Kh2 Ng4+ 34. Kg2 Rf4 35. Kh3 Rgf5 36. f3 Rxf3+ 37. Rxf3 Rxf3+ 38. Kh4 Rf5 39. Bc3 g6 40. b4 cxb4 41. Bxb4 Rf4 42. Kg5 Rxb4 0-1

[Event "PAR-ch qual5"]
[Site "Asuncion"]
[Date "2018.07.08"]
[Round "6"]
[White "Avalos Arguello, Jose Mathias"]
[Black "Melian, Juan Sebastian"]
[Result "1/2-1/2"]
[WhiteElo "1714"]
[BlackElo "1665"]
[PlyCount "73"]
[EventDate "2018.07.06"]
[EventType "swiss"]
[EventRounds "7"]
[EventCountry "PAR"]
[SourceTitle "EXT 2019"]
[Source "ChessBase"]
[SourceDate "2018.10.10"]
[SourceVersion "1"]
[SourceVersionDate "2018.10.10"]
[SourceQuality "1"]

1. d4 d5 2. Nf3 Bf5 3. Bf4 e6 4. e3 Bd6 5. Bg3 Bxg3 6. hxg3 Nf6 7. Bd3 Nbd7 8. Bxf5 exf5 9. Nbd2 c6 10. c4 Qb6 11. Qc2 g6 12. cxd5 cxd5 13. 0-0 0-0 14. Rfc1 Rfc8 15. Qb3 Rc6 16. Qxb6 axb6 17. a3 Rac8 18. Nb3 Ne4 19. Rxc6 bxc6 20. Rc1 f6 21. Kf1 Kf7 22. Ke2 Ke6 23. Nfd2 Kd6 24. Nf1 Ng5 25. f3 c5 26. Nfd2 c4 27. Nb1 Rb8 28. Na1 Ne6 29. Nc3 Nc7 30. Nc2 b5 31. Nb4 Nb6 32. Rh1 Rh8 33. Rh4 Na4 34. Nxa4 bxa4 35. Kd1 Nb5 36. g4 fxg4 37. Rxg4 1/2-1/2

[Event "Asuncion Clasificatorio op 4th"]
[Site "Asuncion"]
[Date "2018.06.09"]
[Round "2"]
[White "Heinechen, John"]
[Black "Avalos Arguello, Jose Mathias"]
[Result "1-0"]
[WhiteElo "2012"]
[BlackElo "1706"]
[PlyCount "83"]
[EventDate "2018.06.08"]
[EventType "swiss"]
[EventRounds "7"]
[EventCountry "PAR"]
[SourceTitle "CBM 184 Extra"]
[Source "ChessBase"]
[SourceDate "2018.06.28"]
[SourceVersion "1"]
[SourceVersionDate "2018.06.28"]
[SourceQuality "1"]

1. e4 c5 2. Nf3 e6 3. d4 cxd4 4. Nxd4 Nc6 5. Nc3 Qc7 6. Ndb5 Qb8 7. Be3 a6 8. Bb6 axb5 9. Nxb5 Bb4+ 10. c3 Ba5 11. Nc7+ Qxc7 12. Bxc7 Bxc7 13. Qg4 Kf8 14. f4 Nf6 15. Qf3 d6 16. a4 e5 17. f5 Ne7 18. g4 d5 19. Bd3 Bd7 20. 0-0 dxe4 21. Bxe4 Nxe4 22. Qxe4 Bc6 23. Qc2 Bb6+ 24. Rf2 Nd5 25. c4 Ne3 26. Qd2 Bd4 27. h3 f6 28. Kh2 Kf7 29. Re2 Nxc4 30. Qb4 Nb6 31. Rc2 Rhd8 32. a5 Nd5 33. Qb3 Rdc8 34. a6 Ra7 35. Ra5 Ke7 36. Rb5 Bxb5 37. Rxc8 Bc6 38. Qa3+ Kd7 39. Qf8 Bb6 40. axb7 Ne7 41. b8Q Bc7 42. Rd8+ 1-0

[Event "Asuncion Bobby Fischer U2000"]
[Site "Asuncion"]
[Date "2018.02.18"]
[Round "7.6"]
[White "Gadea Moreira, Juan Domingo"]
[Black "Avalos Arguello, Jose Mathias"]
[Result "0-1"]
[WhiteElo "1442"]
[BlackElo "1730"]
[PlyCount "31"]
[EventDate "2018.02.15"]
[EventType "swiss"]
[EventRounds "7"]
[EventCountry "PAR"]
[SourceTitle "EXT 2023"]
[Source "ChessBase"]
[SourceDate "2022.10.05"]
[SourceVersion "1"]
[SourceVersionDate "2022.10.05"]
[SourceQuality "1"]

1. d4 Nf6 2. c4 e6 3. Nc3 Bb4 4. Qc2 c5 5. Nf3 cxd4 6. Nxd4 Nc6 7. e3 d5 8. cxd5 exd5 9. Bd3 0-0 10. Nf3 d4 11. exd4 Re8+ 12. Be3 Nxd4 13. Nxd4 Qxd4 14. 0-0 Qe5 15. Ne4 Nxe4 16. Bxe4 0-1

[Event "Asuncion Clasificatorio op 6th"]
[Site "Asuncion"]
[Date "2017.08.05"]
[Round "4.8"]
[White "Servin, Alfredo"]
[Black "Avalos Arguello, Jose Mathias"]
[Result "1-0"]
[WhiteElo "1570"]
[BlackElo "1714"]
[PlyCount "57"]
[EventDate "2017.08.04"]
[EventType "swiss"]
[EventRounds "7"]
[EventCountry "PAR"]
[SourceTitle "EXT 2023"]
[Source "ChessBase"]
[SourceDate "2022.10.05"]
[SourceVersion "1"]
[SourceVersionDate "2022.10.05"]
[SourceQuality "1"]

1. c4 Nf6 2. Nc3 e6 3. e4 e5 4. g3 d6 5. Bg2 Be6 6. d3 c6 7. Nge2 Be7 8. 0-0 0-0 9. b3 d5 10. exd5 cxd5 11. Qc2 Nc6 12. a3 a5 13. Rd1 Bc5 14. cxd5 Ng4 15. Rf1 Qb6 16. dxc6 Nxf2 17. Na4 Nxd3+ 18. Nxc5 Bxb3 19. Qxd3 Qxc5+ 20. Be3 Qc4 21. Qxc4 Bxc4 22. cxb7 Ra6 23. Rfc1 Be6 24. Rab1 Rb8 25. Rb6 Rxb6 26. Bxb6 e4 27. Bxe4 f5 28. Bg2 f4 29. Nxf4 1-0

[Event "Asuncion Clasificatorio op 6th"]
[Site "Asuncion"]
[Date "2017.07.23"]
[Round "?"]
[White "Benitez Galeano, Alejandro"]
[Black "Avalos Arguello, Jose Mathias"]
[Result "1/2-1/2"]
[WhiteElo "2076"]
[BlackElo "1707"]
[PlyCount "37"]
[EventDate "2017.07.21"]
[EventType "swiss"]
[EventRounds "7"]
[EventCountry "PAR"]
[SourceTitle "EXT 2023"]
[Source "ChessBase"]
[SourceDate "2022.10.05"]
[SourceVersion "1"]
[SourceVersionDate "2022.10.05"]
[SourceQuality "1"]

1. Nf3 Nf6 2. g3 e6 3. Bg2 d5 4. c4 Be7 5. b3 0-0 6. Bb2 b6 7. 0-0 Bb7 8. e3 Nbd7 9. Qe2 Bd6 10. d3 Qe7 11. Nh4 Nc5 12. Nc3 dxc4 13. Bxb7 Nxb7 14. bxc4 Ba3 15. d4 Bxb2 16. Qxb2 c5 17. Rac1 cxd4 18. exd4 Rac8 19. Nd1 1/2-1/2

[Event "PAR-ch U20"]
[Site "Asuncion"]
[Date "2017.03.11"]
[Round "3"]
[White "Avalos Arguello, Jose Mathias"]
[Black "Cantero, Rodolfo"]
[Result "0-1"]
[WhiteElo "1673"]
[BlackElo "1995"]
[PlyCount "64"]
[EventDate "2017.03.10"]
[EventType "swiss"]
[EventRounds "7"]
[EventCountry "PAR"]
[SourceTitle "CBM 177 Extra"]
[Source "ChessBase"]
[SourceDate "2017.04.27"]
[SourceVersion "1"]
[SourceVersionDate "2017.04.27"]
[SourceQuality "1"]

1. d4 Nf6 2. c4 e6 3. Nc3 Bb4 4. Qc2 0-0 5. a3 Bxc3+ 6. Qxc3 Ne4 7. Qc2 f5 8. Nf3 b6 9. Bf4 Bb7 10. e3 d6 11. Bd3 Nd7 12. h3 Qe7 13. Bh2 a5 14. 0-0 Rf6 15. d5 Ndc5 16. b4 Nxd3 17. Qxd3 Rg6 18. Rab1 e5 19. Qc2 axb4 20. axb4 c6 21. Rfd1 cxd5 22. c5 bxc5 23. bxc5 Nxc5 24. Qxf5 Rf8 25. Qh5 d4 26. Ne1 Be4 27. Rb2 Na4 28. Rbd2 Nc3 29. Rc1 Rf5 30. Qxg6 hxg6 31. exd4 exd4 32. Bg3 Qg5 0-1

[Event "Asuncion Clasificatorio op 6th"]
[Site "Asuncion"]
[Date "2016.10.02"]
[Round "5.10"]
[White "Avalos Arguello, Jose Mathias"]
[Black "Wilberger, Marcelo"]
[Result "1-0"]
[WhiteElo "1693"]
[BlackElo "1483"]
[PlyCount "51"]
[EventDate "2016.09.30"]
[EventType "swiss"]
[EventRounds "7"]
[EventCountry "PAR"]
[SourceTitle "EXT 2023"]
[Source "ChessBase"]
[SourceDate "2022.10.05"]
[SourceVersion "1"]
[SourceVersionDate "2022.10.05"]
[SourceQuality "1"]

1. d4 Nf6 2. c4 g6 3. Nc3 d5 4. cxd5 Nxd5 5. e4 Nxc3 6. bxc3 Bg7 7. Nf3 c5 8. Rb1 Nc6 9. d5 Ne5 10. Nxe5 Bxe5 11. Qd2 Qa5 12. Bb5+ Kf8 13. 0-0 Bxc3 14. Qe2 a6 15. Bd3 Qc7 16. Qc2 Bd4 17. Bh6+ Bg7 18. Be3 b6 19. a4 Rb8 20. a5 b5 21. Qxc5 Qxa5 22. Bf4 Qb6 23. Rfc1 Qxc5 24. Rxc5 Bd4 25. Bxb8 Bxc5 26. Rc1 1-0

[Event "Asuncion Clasificatorio op 3rd"]
[Site "Asuncion"]
[Date "2016.06.10"]
[Round "1.3"]
[White "Aguero Centurion, Abel Alejandro"]
[Black "Avalos Arguello, Jose Mathias"]
[Result "1-0"]
[WhiteElo "1959"]
[BlackElo "1687"]
[PlyCount "61"]
[EventDate "2016.06.10"]
[EventType "swiss"]
[EventRounds "7"]
[EventCountry "PAR"]
[SourceTitle "EXT 2023"]
[Source "ChessBase"]
[SourceDate "2022.10.05"]
[SourceVersion "1"]
[SourceVersionDate "2022.10.05"]
[SourceQuality "1"]

1. d4 Nf6 2. c3 d5 3. Nf3 Bf5 4. Bf4 e6 5. Qb3 b6 6. e3 Bd6 7. Ne5 c6 8. Be2 Ne4 9. f3 Nf6 10. g4 Bg6 11. h4 Qc7 12. Nd2 h6 13. Nxg6 fxg6 14. Bxd6 Qxd6 15. 0-0-0 Nbd7 16. Qc2 0-0-0 17. Qxg6 Rhg8 18. g5 Nf8 19. Qc2 Nh5 20. Nf1 Kb8 21. f4 Qe7 22. Bxh5 g6 23. Be2 h5 24. Ng3 Qd6 25. c4 c5 26. dxc5 Qxc5 27. Qc3 Rc8 28. Qd4 Qb4 29. Kb1 dxc4 30. Qd6+ Ka8 31. Bf3+ 1-0

[Event "PAR-ch U20"]
[Site "Asuncion"]
[Date "2016.03.13"]
[Round "7.1"]
[White "Heinechen, Juan"]
[Black "Avalos Arguello, Jose Mathias"]
[Result "1-0"]
[WhiteElo "1956"]
[BlackElo "1713"]
[PlyCount "26"]
[EventDate "2016.03.11"]
[EventType "swiss"]
[EventRounds "7"]
[EventCountry "PAR"]
[SourceTitle "EXT 2023"]
[Source "ChessBase"]
[SourceDate "2022.10.05"]
[SourceVersion "1"]
[SourceVersionDate "2022.10.05"]
[SourceQuality "1"]

1. e4 c5 2. Nc3 e6 3. f4 d5 4. Bb5+ Nc6 5. Bxc6+ bxc6 6. d3 Nf6 7. Nf3 c4 8. e5 Ng8 9. dxc4 Ba6 10. cxd5 cxd5 11. Qd4 Qd7 12. Qa4 Qxa4 13. Nxa4 Rc8 1-0

[Event "PAR-ch U20"]
[Site "Asuncion"]
[Date "2016.03.11"]
[Round "1.2"]
[White "Avalos Arguello, Jose Mathias"]
[Black "Benitez Galeano, Alejandro"]
[Result "0-1"]
[WhiteElo "1713"]
[BlackElo "1910"]
[PlyCount "68"]
[EventDate "2016.03.11"]
[EventType "swiss"]
[EventRounds "7"]
[EventCountry "PAR"]
[SourceTitle "EXT 2023"]
[Source "ChessBase"]
[SourceDate "2022.10.05"]
[SourceVersion "1"]
[SourceVersionDate "2022.10.05"]
[SourceQuality "1"]

1. d4 Nf6 2. c4 c5 3. d5 e6 4. Nc3 exd5 5. cxd5 d6 6. e4 g6 7. Bg5 Bg7 8. f4 Qa5 9. Bxf6 Bxf6 10. Qd2 0-0 11. Bd3 a6 12. Nf3 Nd7 13. 0-0 b5 14. a3 Qb6 15. Kh1 c4 16. Bc2 a5 17. Rfe1 Ba6 18. e5 Bg7 19. b4 cxb3 20. Bxb3 Nc5 21. Rab1 Rfe8 22. Ba2 Rab8 23. exd6 Rxe1+ 24. Qxe1 Nd3 25. Na4 Qa7 26. Qe2 bxa4 27. Rxb8+ Qxb8 28. d7 Bb5 29. Qe8+ Qxe8 30. dxe8Q+ Bxe8 31. Bc4 Nb2 32. Be2 Bf8 33. Nd4 Bxa3 34. Nc2 Bc5 0-1

[Event "Dionicio Baez Memorial"]
[Site "Asuncion"]
[Date "2015.11.14"]
[Round "2.3"]
[White "Benitez Galeano, Alejandro"]
[Black "Avalos Arguello, Jose Mathias"]
[Result "1/2-1/2"]
[WhiteElo "1786"]
[BlackElo "1644"]
[PlyCount "48"]
[EventDate "2015.10.30"]
[EventType "swiss"]
[EventRounds "7"]
[EventCountry "PAR"]
[SourceTitle "EXT 2023"]
[Source "ChessBase"]
[SourceDate "2022.10.05"]
[SourceVersion "1"]
[SourceVersionDate "2022.10.05"]
[SourceQuality "1"]

1. e4 c5 2. c3 e6 3. Nf3 d5 4. exd5 exd5 5. d4 Nc6 6. Be2 Bd6 7. dxc5 Bxc5 8. 0-0 Nge7 9. Nbd2 0-0 10. Nb3 Bd6 11. h3 Bf5 12. Re1 Ng6 13. Nfd4 Bd7 14. Bf3 Nce7 15. Be2 Nf4 16. Bf1 a6 17. Bxf4 Bxf4 18. g3 Bd6 19. Bg2 Bc6 20. Qh5 Qc7 21. Rad1 Rad8 22. Nf5 Nxf5 23. Qxf5 Qb6 24. Rd4 Be7 1/2-1/2

[Event "Asuncion Clasificatorio op 4th"]
[Site "Asuncion"]
[Date "2015.08.15"]
[Round "2.8"]
[White "Cantero, Carlos Ramon"]
[Black "Avalos Arguello, Jose Mathias"]
[Result "1-0"]
[WhiteElo "1891"]
[BlackElo "1688"]
[PlyCount "77"]
[EventDate "2015.08.14"]
[EventType "swiss"]
[EventRounds "7"]
[EventCountry "PAR"]
[SourceTitle "EXT 2023"]
[Source "ChessBase"]
[SourceDate "2022.10.05"]
[SourceVersion "1"]
[SourceVersionDate "2022.10.05"]
[SourceQuality "1"]

1. d4 Nf6 2. Bg5 Ne4 3. Bf4 d5 4. Nf3 Bf5 5. e3 e6 6. Nbd2 Bd6 7. Nxe4 Bxe4 8. Bg3 Nd7 9. Bd3 Nf6 10. Bh4 Bg6 11. Ne5 0-0 12. 0-0 c5 13. Ng4 Be7 14. Bxf6 gxf6 15. f4 c4 16. Be2 b5 17. f5 exf5 18. Nh6+ Kh8 19. Nxf5 Rg8 20. h4 Bxf5 21. Rxf5 Qd6 22. Qf1 Rg3 23. Qf4 Rag8 24. Bf3 Qb4 25. Rh5 Qd2 26. Rf1 Rxg2+ 27. Kh1 Rf2 28. Rxf2 Qxf2 29. Rxh7+ Kxh7 30. Be4+ dxe4 31. Qxf2 Rg6 32. Qf5 Kg7 33. Qxe4 Bd6 34. Qd5 Bg3 35. Qxb5 Bxh4 36. Qxc4 Bf2 37. Qe2 Bg3 38. c4 Kf8 39. c5 1-0